000 00747cam a2200217 4500
001 WB3711-01
008 000000n2001 000 0 eng u
035 _a(Sirsi) u111451
245 _aBritain acts to prevent illicit trade in art
260 _c2001
490 _aTimes
_v15 March 2001, 13(1)
490 _aAntiques Trade Gazette
_v(1481) 24 March 2001, 1(1)
520 _aBritain has signed an international agreement to tackle illicit trade in stolen art and cultural treasures. Britain is the second largest art market and a known conduit for illegal trade.
590 _aWB
650 _aILLICIT TRADE
650 _aART THEFT
650 _aSTOLEN GOODS
650 _aART SALES
690 _aArts and antiques
_96217
942 _n0
999 _c66408
_d66408